[Event "FIDE Grand Swiss"]
[Site "Douglas"]
[Date "2023.11.04"]
[Round "10"]
[White "Sanal, Vahap"]
[Black "Wu, Li"]
[Result "1/2-1/2"]
[WhiteElo "2603"]
[BlackElo "2303"]
[PlyCount "94"]
[EventDate "2023.10.25"]
[EventType "swiss"]
[EventRounds "11"]
[EventCountry "IOM"]
[SourceTitle "Mega2024 Update 01"]
[Source "Chessbase"]
[SourceDate "2023.11.12"]
[SourceVersion "1"]
[SourceVersionDate "2023.11.12"]
[SourceQuality "1"]

1. d4 d5 2. Nf3 c5 3. e3 cxd4 4. exd4 Nc6 5. c3 Qc7 6. h3 Bf5 7. Bb5 e6 8. g4 Bg6 9. Ne5 Bd6 10. Nxg6 hxg6 11. Be3 Nf6 12. Nd2 a6 13. Bd3 0-0-0 14. Qe2 e5 15. dxe5 Bxe5 16. Nb3 Rhe8 17. g5 Nh5 18. 0-0-0 d4 19. Qg4+ Kb8 20. cxd4 Bxd4 21. Kb1 Bxe3 22. fxe3 Ne5 23. Qa4 Nxd3 24. Rxd3 Qe5 25. Rhd1 Rxd3 26. Rxd3 Rc8 27. h4 Ng3 28. Qg4 Nf5 29. e4 Nd6 30. Nd2 Rc5 31. a3 a5 32. a4 Nc4 33. Nxc4 Rxc4 34. Rd8+ Ka7 35. Qg1+ b6 36. Rd7+ Ka8 37. Qg4 Qxe4+ 38. Qxe4+ Rxe4 39. Rxf7 Rxa4 40. Rxg7 Rxh4 41. Rxg6 Kb7 42. Rf6 Rg4 43. g6 Rg2 44. Rf7+ Kc6 45. g7 b5 46. Kc1 a4 47. Kd1 b4 1/2-1/2

[Event "London Classic op 11th"]
[Site "London"]
[Date "2019.12.05"]
[Round "8"]
[White "Grover, Sahaj"]
[Black "Wu, Li"]
[Result "1-0"]
[WhiteElo "2508"]
[BlackElo "2293"]
[PlyCount "55"]
[EventDate "2019.11.29"]
[EventType "swiss"]
[EventRounds "9"]
[EventCountry "ENG"]
[SourceTitle "CBM 193 Extra"]
[Source "ChessBase"]
[SourceDate "2020.01.31"]
[SourceVersion "1"]
[SourceVersionDate "2020.01.31"]
[SourceQuality "1"]

1. d4 Nf6 2. c4 e6 3. Nc3 d5 4. cxd5 Nxd5 5. Nf3 c5 6. e3 cxd4 7. exd4 Nxc3 8. bxc3 Qc7 9. Bd2 Nd7 10. Bd3 Bd6 11. 0-0 h6 12. Re1 b6 13. d5 e5 14. Nd4 Nc5 15. Nb5 Qb8 16. Bc2 0-0 17. Qh5 e4 18. Bxe4 Bf4 19. Bxf4 Qxf4 20. Qf3 Qxf3 21. Bxf3 Ba6 22. Nc7 Rac8 23. Nxa6 Nxa6 24. Re7 Rc7 25. Rae1 Rd8 26. h4 Kf8 27. d6 Rxc3 28. Bd5 1-0

[Event "London Classic op 11th"]
[Site "London"]
[Date "2019.12.02"]
[Round "5"]
[White "Wu, Li"]
[Black "Song, Raymond"]
[Result "0-1"]
[WhiteElo "2293"]
[BlackElo "2468"]
[PlyCount "56"]
[EventDate "2019.11.29"]
[EventType "swiss"]
[EventRounds "9"]
[EventCountry "ENG"]
[SourceTitle "CBM 193 Extra"]
[Source "ChessBase"]
[SourceDate "2020.01.31"]
[SourceVersion "1"]
[SourceVersionDate "2020.01.31"]
[SourceQuality "1"]

1. d4 d6 2. e4 g6 3. c4 e5 4. Nc3 Nc6 5. d5 Nce7 6. g4 Nf6 7. f3 Bg7 8. Be3 h5 9. g5 Nd7 10. h4 0-0 11. Nh3 c6 12. c5 cxd5 13. cxd6 Nc6 14. Nxd5 Nd4 15. Rc1 Nb6 16. Nc7 Bxh3 17. Bxh3 Rb8 18. Bxd4 exd4 19. Nb5 a6 20. Nxd4 Qxd6 21. Ne2 Qb4+ 22. Qd2 Qb5 23. b3 Rbd8 24. Qc2 Qa5+ 25. Kf1 Rd2 26. Qc7 Qb5 27. Re1 Rfd8 28. Rg1 R8d3 0-1

[Event "London Classic op 11th"]
[Site "London"]
[Date "2019.11.30"]
[Round "3"]
[White "Wu, Li"]
[Black "Walker, Samuel"]
[Result "1-0"]
[WhiteElo "2293"]
[BlackElo "2039"]
[PlyCount "115"]
[EventDate "2019.11.29"]
[EventType "swiss"]
[EventRounds "9"]
[EventCountry "ENG"]
[SourceTitle "CBM 193 Extra"]
[Source "ChessBase"]
[SourceDate "2020.01.31"]
[SourceVersion "1"]
[SourceVersionDate "2020.01.31"]
[SourceQuality "1"]

1. d4 Nf6 2. c4 c5 3. d5 b5 4. cxb5 a6 5. bxa6 g6 6. Nc3 Bxa6 7. e4 Bxf1 8. Kxf1 d6 9. g3 Bg7 10. Kg2 0-0 11. Nf3 Qa5 12. Qe2 Nbd7 13. Bd2 Rfb8 14. Rhb1 Ne8 15. Nd1 Qa6 16. Qxa6 Rxa6 17. Bc3 Ndf6 18. Nd2 Rba8 19. a3 Nc7 20. Ne3 Nb5 21. Nec4 Nd7 22. Bxg7 Kxg7 23. Rc1 Nd4 24. Rc3 Rb8 25. f3 Ra4 26. Kf2 f6 27. b3 Ra7 28. a4 Rb4 29. Ne3 f5 30. exf5 gxf5 31. Rc4 Rxc4 32. Nexc4 Nf6 33. Ne3 Kg6 34. a5 Nd7 35. Ra4 Ne5 36. Nec4 Nd3+ 37. Ke3 Ne1 38. Nb6 Kf6 39. a6 Nb5 40. Nc8 Ra8 41. Nb6 Ra7 42. Nc8 Ra8 43. a7 Nc2+ 44. Kd3 Nb4+ 45. Kc4 Nxd5 46. Kxb5 Rxc8 47. Ka6 Rc6+ 48. Kb7 Rb6+ 49. Kc8 Rc6+ 50. Kd7 Rc7+ 51. Kd8 Ke6 52. Nc4 Rd7+ 53. Kc8 Rc7+ 54. Kb8 Kd7 55. a8Q Rc8+ 56. Kb7 Rc7+ 57. Ka6 Nb4+ 58. Kb5 1-0

[Event "FIDE Chess.com Grand Swiss"]
[Site "Douglas"]
[Date "2019.10.21"]
[Round "11"]
[White "Solomon, Kenny"]
[Black "Wu, Li"]
[Result "0-1"]
[WhiteElo "2382"]
[BlackElo "2332"]
[PlyCount "124"]
[EventDate "2019.10.10"]
[EventType "swiss"]
[EventRounds "11"]
[EventCountry "IOM"]
[SourceTitle "CBM 193"]
[Source "ChessBase"]
[SourceDate "2019.12.31"]
[SourceVersion "1"]
[SourceVersionDate "2019.12.31"]
[SourceQuality "1"]

1. d4 Nf6 2. g3 e6 3. c4 c5 4. d5 exd5 5. cxd5 d6 6. Nc3 g6 7. Bg2 Bg7 8. Nf3 0-0 9. 0-0 Re8 10. h3 a6 11. a4 Nbd7 12. Bf4 Qc7 13. a5 b5 14. axb6 Nxb6 15. Re1 Ne4 16. Rc1 Bf5 17. g4 Nxc3 18. bxc3 Be4 19. Ng5 Bxg2 20. Kxg2 h6 21. Nf3 Re4 22. Bg3 Rae8 23. Nd2 R4e7 24. c4 a5 25. Nb1 Re4 26. Nd2 R4e7 27. Rc2 a4 28. Nb1 Be5 29. Bxe5 Rxe5 30. Qd3 h5 31. Nd2 Qd8 32. e4 hxg4 33. hxg4 Qh4 34. Qg3 Qxg3+ 35. Kxg3 f5 36. f3 Nd7 37. g5 Rb8 38. Ra1 Rb4 39. Kf4 Nb6 40. Rac1 Kg7 41. Rc3 Re8 42. Kg3 Rb2 43. R1c2 Rb4 44. Ra2 Re7 45. Rac2 Re8 46. Ra3 Re7 47. Ra1 Ra7 48. exf5 gxf5 49. Ra3 Re7 50. Kf2 f4 51. Rac3 Ra7 52. Ke2 Kg6 53. Ra2 Re7+ 54. Kf2 Kxg5 55. Ne4+ Rxe4 56. fxe4 Nxc4 57. Rh3 a3 58. Rh8 Rb2+ 59. Rxb2 axb2 60. Rb8 Kf6 61. Ke2 f3+ 62. Kd3 f2 0-1

[Event "FIDE Chess.com Grand Swiss"]
[Site "Douglas"]
[Date "2019.10.15"]
[Round "6"]
[White "Kolbus, Dietmar"]
[Black "Wu, Li"]
[Result "1-0"]
[WhiteElo "2300"]
[BlackElo "2332"]
[PlyCount "69"]
[EventDate "2019.10.10"]
[EventType "swiss"]
[EventRounds "11"]
[EventCountry "IOM"]
[SourceTitle "CBM 193"]
[Source "ChessBase"]
[SourceDate "2019.12.31"]
[SourceVersion "1"]
[SourceVersionDate "2019.12.31"]
[SourceQuality "1"]

1. c4 g6 2. Nc3 Bg7 3. g3 Nf6 4. Bg2 0-0 5. d4 d6 6. Nf3 Nc6 7. 0-0 Bf5 8. Nh4 Bd7 9. b3 Qc8 10. d5 Nb4 11. Bd2 a5 12. Re1 e5 13. Rb1 Na6 14. Rc1 Nc5 15. Qc2 h6 16. e4 Nh7 17. Be3 b6 18. Rcd1 h5 19. Rb1 Bf6 20. Nf3 h4 21. Nxh4 Bxh4 22. gxh4 f5 23. f4 exf4 24. Bxf4 fxe4 25. Bh6 Rf7 26. Nxe4 Bf5 27. Qc3 Nxe4 28. Bxe4 Nf6 29. Bxf5 Qxf5 30. Rf1 Ne4 31. Rxf5 Nxc3 32. Rxf7 Kxf7 33. Rf1+ Kg8 34. Re1 Kf7 35. Bd2 1-0

[Event "London Classic op 10th"]
[Site "London"]
[Date "2018.12.15"]
[Round "7"]
[White "Flear, Glenn C"]
[Black "Wu, Li"]
[Result "1-0"]
[WhiteElo "2451"]
[BlackElo "2317"]
[PlyCount "75"]
[EventDate "2018.12.09"]
[EventType "swiss"]
[EventRounds "9"]
[EventCountry "ENG"]
[SourceTitle "CBM 187 Extra"]
[Source "ChessBase"]
[SourceDate "2018.11.04"]
[SourceVersion "1"]
[SourceVersionDate "2018.11.04"]
[SourceQuality "1"]

1. d4 Nf6 2. c4 c5 3. d5 e5 4. Nc3 d6 5. e4 Be7 6. g3 Nbd7 7. Bg2 0-0 8. Nge2 a6 9. a4 Ne8 10. 0-0 g6 11. Bh6 Ng7 12. Qd2 Nf6 13. h3 Kh8 14. Kh2 Ng8 15. Be3 h5 16. f4 h4 17. g4 Nf6 18. fxe5 Nd7 19. exd6 Bxd6+ 20. Kh1 Ne5 21. b3 f6 22. g5 f5 23. Qe1 Nh5 24. Qxh4 Kg7 25. exf5 Bxf5 26. Ne4 Bxe4 27. Bxe4 Rh8 28. Bg2 Qd7 29. Bd2 Kg8 30. Kg1 Re8 31. Bc3 Ng7 32. Qe4 Ng4 33. Qxg4 Qxg4 34. hxg4 Rxe2 35. Rf2 Re3 36. Rf3 Re2 37. Re1 Rc2 38. Be5 1-0

[Event "London Classic op 10th"]
[Site "London"]
[Date "2018.12.15"]
[Round "8"]
[White "Wu, Li"]
[Black "Russell, Christopher"]
[Result "1-0"]
[WhiteElo "2317"]
[BlackElo "2169"]
[PlyCount "89"]
[EventDate "2018.12.09"]
[EventType "swiss"]
[EventRounds "9"]
[EventCountry "ENG"]
[SourceTitle "CBM 187 Extra"]
[Source "ChessBase"]
[SourceDate "2018.11.04"]
[SourceVersion "1"]
[SourceVersionDate "2018.11.04"]
[SourceQuality "1"]

1. d4 e6 2. Nf3 Nf6 3. c4 d5 4. Nc3 Be7 5. cxd5 exd5 6. Bg5 0-0 7. e3 Nbd7 8. Bd3 c6 9. Qc2 Re8 10. h3 Nf8 11. 0-0-0 Ne4 12. Bf4 Nxc3 13. Qxc3 Be6 14. Kb1 Rc8 15. g4 b5 16. Qd2 a5 17. Rdg1 Qb6 18. h4 Bb4 19. Qd1 a4 20. h5 a3 21. b3 c5 22. dxc5 Qxc5 23. Nd4 Bd7 24. Bf5 Bc3 25. f3 Ne6 26. Bxe6 Bxe6 27. h6 g6 28. Bg5 Bxd4 29. exd4 Qc3 30. Rh2 b4 31. Rc2 Qxc2+ 32. Qxc2 Rxc2 33. Kxc2 Rc8+ 34. Kd2 Kf8 35. Rc1 Rb8 36. Rc7 Ke8 37. Ke3 Rb6 38. Re7+ Kf8 39. Kf4 Rc6 40. Ke5 Rc2 41. Kd6 Rc8 42. Rb7 Re8 43. Be7+ Kg8 44. Rxb4 Bc8 45. g5 1-0

[Event "London Classic op 10th"]
[Site "London"]
[Date "2018.12.12"]
[Round "4"]
[White "Pert, Nicholas"]
[Black "Wu, Li"]
[Result "1-0"]
[WhiteElo "2546"]
[BlackElo "2317"]
[PlyCount "68"]
[EventDate "2018.12.09"]
[EventType "swiss"]
[EventRounds "9"]
[EventCountry "ENG"]
[SourceTitle "CBM 187 Extra"]
[Source "ChessBase"]
[SourceDate "2018.11.04"]
[SourceVersion "1"]
[SourceVersionDate "2018.11.04"]
[SourceQuality "1"]

1. d4 Nf6 2. Nf3 e6 3. c4 c5 4. d5 b5 5. e4 Nxe4 6. Bd3 Nf6 7. 0-0 bxc4 8. Bxc4 Ba6 9. Bxa6 Nxa6 10. Nc3 Nc7 11. d6 Ncd5 12. Nxd5 Nxd5 13. Re1 Nb6 14. Be3 g6 15. Rc1 Bg7 16. Rxc5 0-0 17. Bd4 Bxd4 18. Qxd4 Nd5 19. Ne5 f6 20. Ng4 Qb6 21. Rxd5 exd5 22. Nxf6+ Rxf6 23. Qxf6 Rf8 24. Qh4 Qxd6 25. Qd4 Rf4 26. Qd2 Rf5 27. Qd4 Rf4 28. Qxa7 d4 29. g3 Rf5 30. Qa8+ Kg7 31. Qe4 Rd5 32. Qe8 Kh6 33. Re7 Qf6 34. Rf7 Qe6 1-0

[Event "Douglas IoM op"]
[Site "Douglas"]
[Date "2018.10.20"]
[Round "1"]
[White "Wu, Li"]
[Black "Tari, Aryan"]
[Result "0-1"]
[WhiteElo "2335"]
[BlackElo "2618"]
[PlyCount "52"]
[EventDate "2018.10.20"]
[EventType "swiss"]
[EventRounds "9"]
[EventCountry "ENG"]
[SourceTitle "CBM 187"]
[Source "ChessBase"]
[SourceDate "2018.12.11"]
[SourceVersion "1"]
[SourceVersionDate "2018.12.11"]
[SourceQuality "1"]

1. Nf3 c5 2. c4 Nc6 3. Nc3 g6 4. e3 Nf6 5. d4 cxd4 6. exd4 d5 7. cxd5 Nxd5 8. Bc4 Nb6 9. Bb5 Bg7 10. 0-0 0-0 11. Be3 Be6 12. Bxc6 bxc6 13. Rc1 a5 14. Re1 a4 15. Bf4 Nd5 16. Be5 Bh6 17. Rc2 Nb4 18. Rce2 Nxa2 19. Nxa2 Bxa2 20. Re4 f6 21. Bg3 Ra7 22. Qc2 Bd5 23. Rh4 Kg7 24. Nd2 Qa5 25. f4 Qb4 26. Bf2 Rb8 0-1

[Event "Varsity Oxbridge m 126th"]
[Site "London"]
[Date "2008.03.08"]
[Round "1.1"]
[White "Eckersley Waites, Tom"]
[Black "Wu, Li"]
[Result "0-1"]
[WhiteElo "2215"]
[BlackElo "2344"]
[PlyCount "108"]
[EventDate "2008.03.08"]
[EventType "team"]
[EventRounds "1"]
[EventCountry "ENG"]
[SourceTitle "CBM 123 Extra"]
[Source "ChessBase"]
[SourceDate "2008.05.06"]
[SourceVersion "1"]
[SourceVersionDate "2008.05.06"]
[SourceQuality "1"]

1. e4 c5 2. Nf3 d6 3. Bb5+ Bd7 4. Bxd7+ Qxd7 5. 0-0 Nc6 6. c3 Nf6 7. d4 cxd4 8. cxd4 d5 9. e5 Ng8 10. Nc3 e6 11. b3 Bb4 12. Ne2 Nge7 13. a3 Ba5 14. b4 Bd8 15. Ng3 Ng6 16. Qd3 0-0 17. Bd2 a5 18. b5 Na7 19. a4 Nc8 20. Ng5 Bxg5 21. Bxg5 f5 22. exf6 gxf6 23. Bh6 Rf7 24. Rfe1 Nd6 25. Ra2 Re8 26. Rae2 Nc4 27. Nf5 Nd6 28. Nxd6 Qxd6 29. Qc3 e5 30. Qxa5 e4 31. b6 f5 32. Rc2 Nh4 33. Bg5 Nxg2 34. Kxg2 Rg7 35. h4 h6 36. Qc5 Qe6 37. Kf1 hxg5 38. h5 f4 39. Ke2 g4 40. h6 Rd7 41. Kd1 Qxh6 42. Qb5 Qg7 43. Kc1 g3 44. f3 Red8 45. fxe4 Qxd4 46. e5 f3 47. Qf1 f2 48. Rd1 Qa1+ 49. Kd2 Qxe5 50. Qh3 Qf4+ 51. Kc3 Rd6 52. Rh1 Rc6+ 53. Kb3 Rxb6+ 54. Kc3 Qe3# 0-1

[Event "Liverpool op"]
[Site "Liverpool"]
[Date "2007.09.08"]
[Round "8"]
[White "Mikkelsen, Nikolaj"]
[Black "Wu, Li"]
[Result "0-1"]
[WhiteElo "2317"]
[BlackElo "2314"]
[PlyCount "70"]
[EventDate "2007.09.03"]
[EventType "swiss"]
[EventRounds "9"]
[EventCountry "ENG"]
[SourceTitle "CBM 120 Extra"]
[Source "ChessBase"]
[SourceDate "2007.11.01"]
[SourceVersion "1"]
[SourceVersionDate "2007.11.01"]
[SourceQuality "1"]

1. e4 c5 2. Nf3 d6 3. d4 cxd4 4. Qxd4 Bd7 5. c4 Nc6 6. Qd2 Nf6 7. Nc3 g6 8. Be2 Bg7 9. 0-0 0-0 10. Rb1 Bg4 11. Ne1 Bxe2 12. Qxe2 Nd7 13. Nc2 Bxc3 14. bxc3 Na5 15. Bh6 Re8 16. Ne3 Rc8 17. f4 Rc5 18. Rb4 Qc8 19. Qf2 f6 20. Nf5 Kf7 21. Qh4 gxf5 22. Qh5+ Kg8 23. Rf3 Kh8 24. Rh3 Rg8 25. exf5 Qc6 26. Rb2 Qe4 27. Kf1 Qxf5 28. Qf7 Ne5 29. Qxe7 Ng4 30. Ke1 Rxc4 31. Re2 Qb1+ 32. Kd2 Qxa2+ 33. Kd3 Qb1+ 34. Rc2 Qd1+ 35. Rd2 Rxc3+ 0-1

[Event "Liverpool op"]
[Site "Liverpool"]
[Date "2007.09.03"]
[Round "2"]
[White "Wu, Li"]
[Black "Vovk, Yuri"]
[Result "1-0"]
[WhiteElo "2314"]
[BlackElo "2557"]
[PlyCount "85"]
[EventDate "2007.09.03"]
[EventType "swiss"]
[EventRounds "9"]
[EventCountry "ENG"]
[SourceTitle "CBM 120 Extra"]
[Source "ChessBase"]
[SourceDate "2007.11.01"]
[SourceVersion "1"]
[SourceVersionDate "2007.11.01"]
[SourceQuality "1"]

1. d4 Nf6 2. c4 g6 3. Nc3 Bg7 4. e4 d6 5. Nf3 0-0 6. Be2 e5 7. 0-0 Nbd7 8. Be3 c6 9. d5 c5 10. Ne1 Ne8 11. Nd3 f5 12. f3 Ndf6 13. a3 h5 14. b4 b6 15. Rb1 fxe4 16. Nxe4 Nxe4 17. fxe4 Rxf1+ 18. Qxf1 Nf6 19. Nf2 Qf8 20. Qc1 Kh7 21. Bg5 Bh6 22. h4 cxb4 23. axb4 a5 24. c5 bxc5 25. bxc5 Bxg5 26. hxg5 Nd7 27. c6 Nc5 28. Qe3 a4 29. Nd3 Nb3 30. Bd1 Nd4 31. Ra1 a3 32. Nf2 a2 33. Qd2 Qe7 34. Rxa2 Rxa2 35. Qxa2 Qxg5 36. Qa7+ Kh6 37. Qf7 Qd8 38. c7 Qh8 39. Qe7 Qg7 40. Ng4+ Kh7 41. Nf6+ Kh6 42. Qxg7+ Kxg7 43. Ne8+ 1-0

[Event "GBR-ch 94th"]
[Site "Great Yarmouth"]
[Date "2007.08.09"]
[Round "10"]
[White "Barrett, Stephen J"]
[Black "Wu, Li"]
[Result "1/2-1/2"]
[WhiteElo "2219"]
[BlackElo "2314"]
[PlyCount "43"]
[EventDate "2007.07.30"]
[EventType "swiss"]
[EventRounds "11"]
[EventCountry "ENG"]
[SourceTitle "CBM 119 Extra"]
[Source "ChessBase"]
[SourceDate "2007.09.04"]
[SourceVersion "1"]
[SourceVersionDate "2007.09.04"]
[SourceQuality "1"]

1. d4 Nf6 2. c4 g6 3. Nc3 Bg7 4. e4 d6 5. f4 0-0 6. Nf3 c5 7. dxc5 Qa5 8. Bd3 Qxc5 9. Qe2 Nc6 10. Be3 Qa5 11. Rc1 Bg4 12. 0-0 Nd7 13. Qf2 Bxf3 14. gxf3 Nc5 15. Bb1 Na4 16. Nxa4 Qxa4 17. b3 Qa3 18. Rc2 a5 19. e5 a4 20. Bc1 Qc5 21. Be3 Qa3 22. Bc1 1/2-1/2

[Event "GBR-ch 94th"]
[Site "Great Yarmouth"]
[Date "2007.08.03"]
[Round "5"]
[White "Wu, Li"]
[Black "Anderson, John"]
[Result "1-0"]
[WhiteElo "2314"]
[BlackElo "2207"]
[PlyCount "51"]
[EventDate "2007.07.30"]
[EventType "swiss"]
[EventRounds "11"]
[EventCountry "ENG"]
[SourceTitle "CBM 119 Extra"]
[Source "ChessBase"]
[SourceDate "2007.09.04"]
[SourceVersion "1"]
[SourceVersionDate "2007.09.04"]
[SourceQuality "1"]

1. d4 d5 2. c4 c6 3. Nc3 Nf6 4. e3 g6 5. Nf3 Bg7 6. Bd3 0-0 7. 0-0 dxc4 8. Bxc4 Bg4 9. h3 Bxf3 10. Qxf3 Nbd7 11. Rd1 e5 12. d5 e4 13. Nxe4 Nxe4 14. Qxe4 Nf6 15. Qf3 cxd5 16. Bxd5 Nxd5 17. e4 Qf6 18. exd5 Qxf3 19. gxf3 Be5 20. d6 Rad8 21. d7 f6 22. f4 Bb8 23. Be3 Rf7 24. Rac1 Kg7 25. Rc8 Rff8 26. Bc5 1-0

[Event "GBR-ch 94th"]
[Site "Great Yarmouth"]
[Date "2007.08.01"]
[Round "3"]
[White "Wu, Li"]
[Black "Aagaard, Jacob"]
[Result "0-1"]
[WhiteElo "2314"]
[BlackElo "2467"]
[PlyCount "78"]
[EventDate "2007.07.30"]
[EventType "swiss"]
[EventRounds "11"]
[EventCountry "ENG"]
[SourceTitle "CBM 119 Extra"]
[Source "ChessBase"]
[SourceDate "2007.09.04"]
[SourceVersion "1"]
[SourceVersionDate "2007.09.04"]
[SourceQuality "1"]

1. d4 Nf6 2. c4 e6 3. Nf3 c5 4. d5 b5 5. Bg5 exd5 6. cxd5 d6 7. e4 a6 8. a4 Be7 9. Nbd2 0-0 10. axb5 Nxd5 11. Bxe7 Qxe7 12. bxa6 Nb4 13. Be2 f5 14. exf5 Rxa6 15. Rxa6 Bxa6 16. Kf1 Bb7 17. g4 N8c6 18. Rg1 d5 19. Rg3 Ne5 20. Qb3 Ra8 21. Kg2 Ra1 22. Kh3 Nxg4 23. Rxg4 Qxe2 24. Re4 Qb5 25. Re7 Bc8 26. Qe3 Bxf5+ 27. Kg2 Nc6 28. Re8+ Kf7 29. Ng5+ Kg6 30. Ndf3 Qf1+ 31. Kg3 Qg1+ 32. Nxg1 Rxg1+ 33. Kf4 Rg4+ 34. Kf3 Nd4+ 35. Qxd4 cxd4 36. Nh3 Re4 37. Nf4+ Kg5 38. Rxe4 Bxe4+ 39. Kg3 d3 0-1

[Event "GBR-ch 94th"]
[Site "Great Yarmouth"]
[Date "2007.07.31"]
[Round "2"]
[White "Constantinou, Peter"]
[Black "Wu, Li"]
[Result "0-1"]
[WhiteElo "2173"]
[BlackElo "2314"]
[PlyCount "82"]
[EventDate "2007.07.30"]
[EventType "swiss"]
[EventRounds "11"]
[EventCountry "ENG"]
[SourceTitle "CBM 119 Extra"]
[Source "ChessBase"]
[SourceDate "2007.09.04"]
[SourceVersion "1"]
[SourceVersionDate "2007.09.04"]
[SourceQuality "1"]

1. e4 c5 2. Nc3 Nc6 3. Bb5 Nd4 4. Bc4 a6 5. d3 e6 6. Nge2 b5 7. Bb3 Nxb3 8. axb3 Bb7 9. 0-0 Qc7 10. f4 Nf6 11. f5 b4 12. Nb1 Bd6 13. Bf4 exf5 14. exf5 g5 15. Bxd6 Qxd6 16. Qe1 0-0-0 17. Nd2 Qc6 18. Qg3 Rde8 19. Rae1 Re3 20. Rf3 Rhe8 21. Kf1 Rxf3+ 22. gxf3 d5 23. Qxg5 Rg8 24. Qh4 d4 25. Nf4 Nd5 26. Nxd5 Qxd5 27. Qxh7 Qd8 28. Ne4 Bxe4 29. Rxe4 Qg5 30. Rg4 Qc1+ 31. Kg2 Rxg4+ 32. fxg4 Qxc2+ 33. Kh3 Qxd3+ 34. Kh4 Qxb3 35. g5 d3 36. g6 fxg6 37. fxg6 d2 38. g7 d1Q 39. g8Q+ Qxg8 40. Qxg8+ Kc7 41. b3 Qd8+ 0-1

[Event "GBR-ch 94th"]
[Site "Great Yarmouth"]
[Date "2007.07.30"]
[Round "1"]
[White "Wu, Li"]
[Black "Gormally, Daniel"]
[Result "1/2-1/2"]
[WhiteElo "2314"]
[BlackElo "2509"]
[PlyCount "61"]
[EventDate "2007.07.30"]
[EventType "swiss"]
[EventRounds "11"]
[EventCountry "ENG"]
[SourceTitle "CBM 119 Extra"]
[Source "ChessBase"]
[SourceDate "2007.09.04"]
[SourceVersion "1"]
[SourceVersionDate "2007.09.04"]
[SourceQuality "1"]

1. Nf3 Nf6 2. g3 g6 3. Bg2 Bg7 4. 0-0 0-0 5. d3 c5 6. e4 Nc6 7. Nbd2 d6 8. Re1 Ne8 9. c3 Nc7 10. Qe2 Rb8 11. a4 b6 12. Nc4 a6 13. Bd2 b5 14. axb5 axb5 15. Na5 Nxa5 16. Rxa5 b4 17. Rea1 bxc3 18. bxc3 Bg4 19. Qd1 Rb2 20. R5a2 Rxa2 21. Rxa2 Qb8 22. Qc2 Be6 23. Rb2 Qa7 24. Qb1 Qa5 25. d4 Bc4 26. Bf1 Bxf1 27. Kxf1 Qa6+ 28. Kg2 cxd4 29. cxd4 Ne6 30. Be3 h6 31. Rb8 1/2-1/2

[Event "Middlesex-Young England"]
[Site "London"]
[Date "2007.07.19"]
[Round "9"]
[White "Wu, Li"]
[Black "Crouch, Colin S"]
[Result "1-0"]
[WhiteElo "2314"]
[BlackElo "2370"]
[PlyCount "35"]
[EventDate "2007.07.09"]
[EventType "schev"]
[EventRounds "9"]
[EventCountry "ENG"]
[SourceTitle "CBM 119 Extra"]
[Source "ChessBase"]
[SourceDate "2007.09.04"]
[SourceVersion "1"]
[SourceVersionDate "2007.09.04"]
[SourceQuality "1"]

1. d4 Nf6 2. c4 e6 3. Nf3 b6 4. e3 Bb7 5. Bd3 c5 6. 0-0 cxd4 7. exd4 d5 8. Nc3 Nc6 9. Bg5 dxc4 10. Bxc4 Be7 11. Bxf6 Bxf6 12. d5 exd5 13. Re1+ Kf8 14. Bxd5 Qd7 15. Qb3 g6 16. Ne4 Bg7 17. Neg5 Rd8 18. Bxf7 1-0

[Event "Middlesex-Young England"]
[Site "London"]
[Date "2007.07.12"]
[Round "4"]
[White "Wu, Li"]
[Black "Summerscale, Aaron"]
[Result "1/2-1/2"]
[WhiteElo "2314"]
[BlackElo "2493"]
[PlyCount "40"]
[EventDate "2007.07.09"]
[EventType "schev"]
[EventRounds "9"]
[EventCountry "ENG"]
[SourceTitle "CBM 119 Extra"]
[Source "ChessBase"]
[SourceDate "2007.09.04"]
[SourceVersion "1"]
[SourceVersionDate "2007.09.04"]
[SourceQuality "1"]

1. d4 e6 2. c4 f5 3. g3 Nf6 4. Bg2 Be7 5. Nf3 0-0 6. 0-0 Ne4 7. Nc3 Nxc3 8. bxc3 Nc6 9. Re1 Na5 10. Nd2 d5 11. cxd5 exd5 12. Qa4 c6 13. Ba3 Bxa3 14. Qxa3 Be6 15. Nf3 Nc4 16. Qc1 Qa5 17. Nd2 Nd6 18. Nb3 Qc7 19. Nc5 Rae8 20. Nd3 Nc4 1/2-1/2

[Event "EU-ch U18"]
[Site "Herceg Novi"]
[Date "2006.09.16"]
[Round "6"]
[White "Andriasian, Zaven"]
[Black "Wu, Li"]
[Result "1-0"]
[WhiteElo "2463"]
[BlackElo "2306"]
[PlyCount "91"]
[EventDate "2006.09.10"]
[EventType "swiss"]
[EventRounds "9"]
[EventCountry "MNE"]
[SourceTitle "CBM 114 Extra"]
[Source "ChessBase"]
[SourceDate "2006.11.03"]
[SourceVersion "1"]
[SourceVersionDate "2006.11.03"]
[SourceQuality "1"]

1. e4 c5 2. Nf3 d6 3. d4 cxd4 4. Nxd4 Nf6 5. Nc3 g6 6. Be3 Bg7 7. f3 a6 8. Qd2 Nbd7 9. 0-0-0 b5 10. Kb1 Bb7 11. g4 Ne5 12. h4 h5 13. gxh5 Rxh5 14. Be2 Nc4 15. Bxc4 bxc4 16. Nde2 Qc7 17. Bd4 Rh7 18. Ng3 0-0-0 19. Na4 Nd7 20. Bxg7 Rxg7 21. h5 Kb8 22. Nc3 Nc5 23. hxg6 Rxg6 24. Nf5 e6 25. Ne3 d5 26. exd5 exd5 27. Ncxd5 Bxd5 28. Nxd5 Rgd6 29. Qb4+ Nb7 30. Ne3 Rxd1+ 31. Rxd1 Rxd1+ 32. Nxd1 Qf4 33. Qc3 Nd6 34. a4 Kb7 35. Ka2 Kb6 36. Ne3 Kc5 37. Qa5+ Kd4 38. Ng4 f5 39. Qb6+ Kd5 40. Nf6+ Ke5 41. Nd7+ Ke6 42. Nc5+ Kd5 43. Nxa6 Qd2 44. Nc7+ Ke5 45. Qc5+ Kf4 46. a5 1-0